Normal view
MARC view
Entry Topical Term
001 - CONTROL NUMBER
- control field: 3364
003 - CONTROL NUMBER IDENTIFIER
- control field: OSt
005 - DATE AND TIME OF LATEST TRANSACTION
- control field: 20221003080308.0
008 - FIXED-LENGTH DATA ELEMENTS
- fixed length control field: 221003|| aca||aabn | a|a d
040 ## - CATALOGING SOURCE
- Original cataloging agency: OSt
- Transcribing agency: OSt
150 ## - HEADING--TOPICAL TERM
- Topical term or geographic name entry element: demokratizácia
670 ## - SOURCE DATA FOUND
- Source citation: Work cat.: (OSt)0: Ondruš, Vladimír, 1942 máj 23.- aut 3362, Atentát na nežnú revolúciu